000
00299nam a22001337a 4500
020
_a
0-7513-3766-8
082
_a
030
_b
DK/D
100
_a
DORLING KINDERSLEY BOOK
245
_a
DICTIONARY
260
_a
LONDON
_b
DK LIMITED
_c
2009
300
_a
256
650
_a
DICTIONARY
_z
UNITED KINGDOM
942
_c
BK
999
_c
2212
_d
2212